000 00486nam a2200181Ia 4500
005 20250923144306.0
008 008 250917s9999 xx 000 0 eng d
037 _aTextual
040 _aDSWL
_beng
_cDSWL
041 _aeng
_2eng
084 _aR3, H7
_qDSWL
100 _aHuxley, A.
_9823313
245 0 _aPerennial philosophy
_cby A. Huxley
260 _aLondon
_bWindus
_c1947
300 _a358 p.
942 _cTEXL
_hR3, H7
999 _c1437081
_d1437081